Statistics for J Dilla Discography

Click here to take the quiz!

General Stats

  • This quiz has been taken 13 times
  • The average score is 6 of 24

Answer Stats

YearNameType% Correct
2006DonutsAlbum
100%
2006The ShiningAlbum
67%
2007Ruff DraftReissued Album
58%
2003Ruff DraftEP
58%
1997Fan-Tas-Tic (Vol. 1)Group Album
42%
2015DillatronicCompilation Album
33%
2000Fantastic, Vol. 2Group Album
33%
2007Jay Love JapanAlbum
33%
2001Welcome 2 DetroitAlbum
33%
2003Champion SoundGroup Album
25%
2009Jay Stay PaidAlbum
25%
2016The DiaryAlbum
25%
2012DillatroitEP
17%
2012Rebirth of DetroitAlbum
17%
2000Best Kept SecretGroup EP
8%
2007Jay Deelicious: The Delicious Vinyl YearsCompilation
8%
2013The Lost Scrolls Vol. 1EP
8%
2013Diamonds & IceEP
0%
2006Donuts EP: J. Rocc's PicksEP
0%
2010Donut ShopEP
0%
2014Give 'Em What They WantEP
0%
2013Lost Tape Reels + MoreCompilation Album
0%
2002Vol. 1: UnreleasedEP
0%
2003Vol. 2: VintageEP
0%

Score Distribution

Percentile by Number Answered

Percent of People with Each Score

Your Score History

You have not taken this quiz